Herencia africana en Puerto Rico : un recuerdo breve /
Gespeichert in:
| 1. Verfasser: | |
|---|---|
| Format: | Unbekannt |
| Sprache: | Spanish |
| Veröffentlicht: |
Puerto Rico :
Cordillera,
2003.
|
| Schlagworte: | |
| Tags: |
Tag hinzufügen
Keine Tags, Fügen Sie den ersten Tag hinzu!
|
MARC
| LEADER | 000000000a22000000004500 | ||
|---|---|---|---|
| 001 | 003746 | ||
| 020 | |a 0884951804 | ||
| 041 | 0 | |a spa | |
| 082 | 0 | 4 | |a 972.95 |b L864h |
| 100 | 1 | |a López, Adolfo R. | |
| 245 | 1 | 0 | |a Herencia africana en Puerto Rico : |b un recuerdo breve / |c Adolfo R. López. |
| 260 | 1 | |a Puerto Rico : |b Cordillera, |c 2003. | |
| 300 | |a 48 páginas : |b ilustraciones a color, retratos | ||
| 650 | 4 | |a PUERTO RICO | |
| 650 | 4 | |a HISTORIA | |
| 999 | |c 10181 |d 10181 | ||
| 942 | |c BK |h 972.95 L864h |2 z | ||



